<?xml version="1.0" encoding="UTF-8"?>
<record
    xmlns:xsi="http://www.w3.org/2001/XMLSchema-instance"
    xsi:schemaLocation="http://www.loc.gov/MARC21/slim http://www.loc.gov/standards/marcxml/schema/MARC21slim.xsd"
    xmlns="http://www.loc.gov/MARC21/slim">

  <leader>01361naa a2200361 i 4500</leader>
  <controlfield tag="003">EG-GICUC</controlfield>
  <controlfield tag="005">20260121101419.0</controlfield>
  <controlfield tag="008">251203s1924    us ||||fr|||| 001 0 eng d</controlfield>
  <datafield tag="040" ind1=" " ind2=" ">
    <subfield code="a">EG-GiCUC</subfield>
    <subfield code="b">eng</subfield>
    <subfield code="c">EG-GiCUC</subfield>
    <subfield code="d">EG-GiCUC</subfield>
    <subfield code="e">rda</subfield>
  </datafield>
  <datafield tag="041" ind1="1" ind2=" ">
    <subfield code="a">eng</subfield>
  </datafield>
  <datafield tag="082" ind1="0" ind2="4">
    <subfield code="2">21</subfield>
    <subfield code="a">341.3</subfield>
    <subfield code="b">GE . L</subfield>
  </datafield>
  <datafield tag="092" ind1="0" ind2="4">
    <subfield code="2">21</subfield>
  </datafield>
  <datafield tag="099" ind1=" " ind2=" ">
    <subfield code="a">Law1 11 341.3 GE . L 1924</subfield>
  </datafield>
  <datafield tag="100" ind1="1" ind2=" ">
    <subfield code="a">Gentili, Alberico,</subfield>
    <subfield code="d">1552-1608,</subfield>
    <subfield code="e">Author.</subfield>
  </datafield>
  <datafield tag="245" ind1="1" ind2="3">
    <subfield code="a">De legationibvs libri tres.</subfield>
    <subfield code="n">Volume 2,</subfield>
    <subfield code="p">The translation /</subfield>
    <subfield code="c">by Alberico Gentili ; The translation by Gordon J. Laing.</subfield>
  </datafield>
  <datafield tag="264" ind1=" " ind2="3">
    <subfield code="a">New York :</subfield>
    <subfield code="b">Oxford University Press,</subfield>
    <subfield code="c">1924.</subfield>
  </datafield>
  <datafield tag="300" ind1=" " ind2=" ">
    <subfield code="a">Various paging ;</subfield>
    <subfield code="c">24 cm.</subfield>
  </datafield>
  <datafield tag="336" ind1=" " ind2=" ">
    <subfield code="2">rda content</subfield>
    <subfield code="a">text</subfield>
  </datafield>
  <datafield tag="337" ind1=" " ind2=" ">
    <subfield code="2">rda media</subfield>
    <subfield code="a">Computer</subfield>
  </datafield>
  <datafield tag="338" ind1=" " ind2=" ">
    <subfield code="2">rda carrier</subfield>
    <subfield code="a">Online Resource</subfield>
  </datafield>
  <datafield tag="490" ind1="0" ind2=" ">
    <subfield code="a">The classics of international law</subfield>
  </datafield>
  <datafield tag="500" ind1=" " ind2=" ">
    <subfield code="a">Includes index</subfield>
  </datafield>
  <datafield tag="500" ind1=" " ind2=" ">
    <subfield code="a">Translated from Latin</subfield>
  </datafield>
  <datafield tag="504" ind1=" " ind2=" ">
    <subfield code="a">Includes marginal notes (side-notes)</subfield>
  </datafield>
  <datafield tag="505" ind1=" " ind2=" ">
    <subfield code="a">v. 1. The photographic reproduction of the edition of 1594 / with an introduction by Ernest Nys
 v. 2. The translation / by Gordon J. Laing.</subfield>
  </datafield>
  <datafield tag="546" ind1=" " ind2=" ">
    <subfield code="a">Text in English</subfield>
  </datafield>
  <datafield tag="650" ind1="1" ind2="4">
    <subfield code="a">Diplomacy</subfield>
    <subfield code="x">Public international law</subfield>
  </datafield>
  <datafield tag="651" ind1="1" ind2=" ">
    <subfield code="2">qrmak</subfield>
  </datafield>
  <datafield tag="700" ind1="1" ind2=" ">
    <subfield code="a">Laing, Gordon Jennings,</subfield>
    <subfield code="d">1869-1945,</subfield>
    <subfield code="e">Translator.</subfield>
  </datafield>
  <datafield tag="856" ind1="4" ind2="0">
    <subfield code="u">https://fll.law.cu.edu.eg/fulltext/bks/B11-05400.pdf</subfield>
  </datafield>
  <datafield tag="905" ind1=" " ind2=" ">
    <subfield code="a">75</subfield>
    <subfield code="e">Hassnaa</subfield>
  </datafield>
  <datafield tag="942" ind1=" " ind2=" ">
    <subfield code="2">ddc</subfield>
    <subfield code="n">0</subfield>
    <subfield code="c">BK</subfield>
    <subfield code="e">21</subfield>
  </datafield>
  <datafield tag="999" ind1=" " ind2=" ">
    <subfield code="c">48091</subfield>
    <subfield code="d">48091</subfield>
  </datafield>
  <datafield tag="952" ind1=" " ind2=" ">
    <subfield code="0">0</subfield>
    <subfield code="1">0</subfield>
    <subfield code="2">ddc</subfield>
    <subfield code="4">0</subfield>
    <subfield code="7">1</subfield>
    <subfield code="8">&#x627;&#x644;&#x642;&#x627;&#x646;&#x648;&#x646; &#x627;&#x644;&#x62F;&#x648;&#x644;&#x64A; &#x627;&#x644;&#x639;&#x627;&#x645;</subfield>
    <subfield code="a">CU</subfield>
    <subfield code="b">LAW1</subfield>
    <subfield code="d">2025-12-03</subfield>
    <subfield code="l">0</subfield>
    <subfield code="o">Law1 11	341.3 GE . L 1924 1105400	V2, C1</subfield>
    <subfield code="p">B11-05400</subfield>
    <subfield code="r">2025-12-03 09:47:57</subfield>
    <subfield code="t">1</subfield>
    <subfield code="w">2025-12-03</subfield>
    <subfield code="y">BK</subfield>
  </datafield>
</record>
